000 00742cam a2200145 4500500
005 20260111141918.0
041 _afre
042 _adc
100 1 0 _aMoureau, François
_eauthor
245 0 0 _aBernard Herencia, Les Éphémérides du citoyen et les Nouvelles Éphémérides économiques 1765-1788. Documents et tables complètes, préf. Philippe Steiner, Ferney-Voltaire, Centre international d’étude du 18e siècle, coll. « Publications du Centre d’étude du 18e siècle », 2014, XXXII-419 p.
260 _c2015.
500 _a52
786 0 _nDix-huitième siècle | 47 | 1 | 2015-06-17 | p. XLIV-XLIV | 0070-6760
856 4 1 _uhttps://shs.cairn.info/revue-dix-huitieme-siecle-2015-1-page-XLIV?lang=fr&redirect-ssocas=7080
999 _c1635069
_d1635068